00349nam a2200145Ia 4500008004100000041000800041082001700049100001400066245003400080260002000114300002800134365001700162500001000179700001400189230718s9999 xx 000 0 und d aeng a005.267bMIC aMicrosoft aMicrosoft Visual Interdev 6.0 c1998bMicrosoft a1575dRef 692 C (10688) cRs.b1787.00 a692 C aMicrosoft